000 00497nam a2200193Ia 4500
003 GCL
008 140319s9999 xx 000 0 eng d
040 _aGCL /
_cGCL
082 0 4 _a658.15
_bA M
100 1 _aANTHONY, ROBERT N
245 1 0 _aMANAGEMENT CONTROL SYSTEMS /
_cANTHONY, ROBERT N
700 1 _aGOVINDARAJAN, VIJAY
260 _a[S.N] :
_bIRWIN ،
_c1995
300 _a888 P
650 0 4 _aMANAGEMENT
650 0 4 _aINDUSTRIAL MANAGEMENT
650 0 4 _aCOST CONTROL
942 _2ddc
_cBK
999 _c13172
_d13172